| 000 | 00434nam a2200169Ia 4500 | ||
|---|---|---|---|
| 008 | 221030s9999 xx 000 0 und d | ||
| 020 | _a0071229035 | ||
| 041 | _aEnglish | ||
| 100 | _aS. A. Ross | ||
| 245 | 0 |
_aCorporate Finance 6th ed. _cby S. A. Ross, R. W. Westerfield |
|
| 250 | _a6th | ||
| 260 |
_bMcGraw - Hill Pub. _aNew Delhi _c2002 |
||
| 300 | _a932 | ||
| 650 | _aManagement | ||
| 700 | _aR. W. Westerfield | ||
| 942 | _cBK | ||
| 999 |
_c18763 _d18763 |
||